000 00526nam a2200193Ia 4500
003 OSt
005 20260303122057.0
008 210210b1960 xxu||||| |||| 00| 0 eng d
040 _cAL
041 _aHindi
082 _a861/174
100 _aSINHA (Ramdhari)
_dरामधारी सिंह 'दिनकर'
_9256675
245 _aRashmirati
_bरश्मिरथी
260 _aPaTnA
_bUdayachal
_c1960
650 _aRashmirati
_9256676
690 _aHindi Poetry
_9256677
906 _a023194
942 _2ddc
_cBK
999 _c148119
_d148119